000 00452nam a22001811a 4500
020 _a9788170165439
_c0.00
040 _aSSUS - Library - Kalady
082 _aH3
_bAMA/I
100 _aAmar Goswamy
245 _aIs duar mein hamsafar
_h[Text]
260 _aNew Delhi
_bKithabghar
_c2003
300 _a315p.
600 _aNovel Hindi
600 _aLiterature Hindi
600 _aLiterature
852 _9350.00
_r
942 _cBK
999 _c20994
_d20994